000 00328nam a22001457a 4500
005 20251108172405.0
008 250721s1972 xx 000 0 eng d
082 1 4 _aF/FIR
245 1 0 _aFireside tales /
264 1 _aLondon :
_bPurnell,
_c1972.
300 _a156p.
650 1 7 _aFiction
942 _2ddc
_cBK
999 _c78076
_d78076